000 00697nam a2200181 i 4500
001 75517
003 ES-MaACL
005 20230906172505.0
007 t|
008 040924s1936 sp ||||1| spa d
100 1 _aGrenet, L.
_959939
245 1 0 _aArte de cuidar a los enfermos
_b: manual teórico-práctico para uso de las familias en general y de las enfermeras en particular /
_cpor L. Grenet ; traducido por J. de D. S. Hurtado ; corregido y aumentado por el Dr. Jerónimo Estrany.
260 _aBarcelona :
_bS.A.D.A.G.,
_c1936.
300 _a420 p. ;
_c19 cm.
700 1 _aHurtado, Juan de Dios S.
_964781
700 1 _aEstrany, Jerónimo.
_948246
852 _aES-MaACL
_jA-5261
_bR.17091
999 _c75517
_d75517